00388nam a2200121Ia 4500008004100000082001800041100001000059245005200069260003500121365000600156630005200162730005200214100415s9999 xx 000 0 und d b3445a500(54) aR.G.S aRecords Of The Geological Survey Of India Index aCalcattac1935bGOVT. OF INDIA b0 aRecords Of The Geological Survey Of India Index aRecords Of The Geological Survey Of India Index